Statistics for Guess the Lyrics #55

Click here to take the quiz!

General Stats

  • This quiz has been taken 773 times
    (250 since last reset)
  • The average score is 98 of 209

Answer Stats

Lyrics% Correct
I
98%
a
96%
you
92%
an
85%
The
85%
the
85%
When
81%
to
79%
me
78%
and
77%
And
77%
it
73%
It
73%
on
73%
on,
73%
your
73%
no
69%
so
69%
So
69%
go
68%
is
68%
where
68%
my
60%
of
58%
like
52%
for
51%
how
49%
they
48%
too
47%
were
45%
was
43%
Have
42%
Oh,
42%
ever
41%
much
39%
need
39%
up
37%
come
33%
I'll
33%
every
31%
out
31%
tell
31%
their
30%
should
29%
been
26%
more
24%
let
22%
than
20%
took
16%
thought
15%
today,
15%
before
14%
made
14%
people
14%
Most
12%
far
10%
less
9%
boats
8%
water
8%
door
6%
seems
6%
above
5%
clouds
5%
Making
5%
standing
5%
born
4%
closer
4%
filled
4%
hole
4%
lake
4%
ocean
4%
Atlantic
3%
opened
3%
overjoyed,
3%
quite
3%
row
3%
thousands
3%
crossing
2%
distance
2%
farther
2%
flatlands
2%
footsteps
2%
forevermore
2%
island
2%
islands
2%
moat
2%
perforated
2%
rhythm
2%
silenced
2%
simply
2%
sphere
2%
surface
2%
Transatlanticism - Death Cab for Cutie
2%
upon
2%

Score Distribution

Percentile by Number Answered

Percent of People with Each Score

Your Score History

You have not taken this quiz since the last reset